[Event "30.Schlosspark-Open"]
[Site "Wiesbaden-Biebrich"]
[Date "2018.08.23"]
[Round "1.50"]
[White "Fischer, Daniel"]
[Black "Stork, Christopher"]
[Result "1/2-1/2"]
[WhiteElo "2037"]
[BlackElo "1720"]
[PlyCount "86"]
[EventDate "2018.??.??"]
[WhiteTeam "SVG Offenburg"]
[BlackTeam "SV Oberursel"]

1. Nf3 Nf6 2. c4 e6 3. g3 Be7 4. Bg2 d5 5. O-O O-O 6. b3 c5 7. e3 Nc6 8. Bb2 d4
9. exd4 cxd4 10. Re1 Bc5 11. Ne5 Nxe5 12. Rxe5 Qc7 13. Rxc5 Qxc5 14. Ba3 Qf5
15. Bxf8 Kxf8 16. Na3 Qc5 17. Nc2 Rb8 18. d3 b6 19. Qd2 Bb7 20. b4 Qd6 21. Bxb7
Rxb7 22. b5 Rd7 23. Qb4 Qxb4 24. Nxb4 Ne8 25. a4 e5 26. f3 Nd6 27. Nc6 f6 28.
a5 Nc8 29. axb6 axb6 30. Ra8 Rc7 31. f4 e4 32. dxe4 Kf7 33. e5 Ne7 34. e6+ Kg6
35. Nxe7+ Rxe7 36. Rd8 Rxe6 37. Rxd4 f5 38. Kf2 Kf6 39. c5 bxc5 40. Rc4 Rd6 41.
Ke3 Rd5 42. b6 Rd6 43. b7 Rb6 1/2-1/2

[Event "30.Schlosspark-Open"]
[Site "Wiesbaden-Biebrich"]
[Date "2018.08.23"]
[Round "1.51"]
[White "Ringeltaube, Denny"]
[Black "Reitz, Philipp"]
[Result "0-1"]
[WhiteElo "1718"]
[BlackElo "2037"]
[PlyCount "74"]
[EventDate "2018.??.??"]
[WhiteTeam "Klub Koelner SF"]
[BlackTeam "VfR-SC Koblenz"]

1. e4 c5 2. d4 cxd4 3. c3 g6 4. cxd4 d5 5. e5 Bg7 6. Nf3 Bg4 7. Bb5+ Nc6 8. Be3
Nh6 9. h3 Bxf3 10. Qxf3 O-O 11. Nc3 e6 12. O-O Nf5 13. Bxc6 bxc6 14. Na4 f6 15.
exf6 Bxf6 16. Qg4 Qe7 17. Rac1 Rac8 18. Nc5 e5 19. dxe5 Bxe5 20. Bg5 Qd6 21.
Nd3 h5 22. Qa4 Bd4 23. Bf4 Qf6 24. Rce1 Rce8 25. Rxe8 Rxe8 26. Qc2 c5 27. Qb3
g5 28. Bh2 g4 29. hxg4 hxg4 30. Qd1 Re4 31. Nxc5 Qh4 32. Nxe4 dxe4 33. g3 Nxg3
34. Bxg3 Qxg3+ 35. Kh1 Qh3+ 36. Kg1 g3 37. Qxd4 Qh2# 0-1

[Event "30.Schlosspark-Open"]
[Site "Wiesbaden-Biebrich"]
[Date "2018.08.23"]
[Round "1.52"]
[White "Cichy, Michael"]
[Black "Schmitt, Clemens"]
[Result "0-1"]
[WhiteElo "2036"]
[BlackElo "1711"]
[PlyCount "51"]
[EventDate "2018.??.??"]
[WhiteTeam "SC BS Gliesmarode"]
[BlackTeam "SV Bergwinkel"]

1. d4 Nf6 2. Nf3 g6 3. c4 Bg7 4. Nc3 d5 5. Qb3 dxc4 6. Qxc4 O-O 7. e4 Nc6 8.
Be2 e5 9. dxe5 Nd7 10. e6 fxe6 11. Qxe6+ Kh8 12. O-O Nde5 13. Qb3 Nxf3+ 14.
gxf3 Nd4 15. Qd5 Qh4 16. f4 Bh3 17. e5 Nxe2+ 18. Nxe2 Bxf1 19. Kxf1 Rad8 20.
Qb3 Bxe5 21. Be3 Bg7 22. Qxb7 Rb8 23. Qxa7 Rxb2 24. Rc1 Qh3+ 25. Ke1 Qxh2 26.
Bd4 0-1

[Event "30.Schlosspark-Open"]
[Site "Wiesbaden-Biebrich"]
[Date "2018.08.23"]
[Round "1.53"]
[White "Haftmann, Rainer"]
[Black "Doeserich, Juergen"]
[Result "0-1"]
[WhiteElo "1686"]
[BlackElo "2033"]
[PlyCount "102"]
[EventDate "2018.??.??"]
[WhiteTeam "SG Dietzenbach"]
[BlackTeam "Schw. Pumpe Freiburg"]

1. e4 c5 2. Nf3 e6 3. d4 cxd4 4. Nxd4 Nc6 5. Nxc6 bxc6 6. Bc4 Nf6 7. Nc3 d5 8.
exd5 cxd5 9. Bb5+ Bd7 10. Bxd7+ Qxd7 11. O-O Be7 12. Qe2 O-O 13. Bg5 Rab8 14.
b3 Rfc8 15. Na4 Qc7 16. c3 Bd6 17. Bxf6 gxf6 18. g3 Be5 19. Rac1 f5 20. Rfe1
Bg7 21. Qd2 f4 22. Qxf4 Qxf4 23. gxf4 Bh6 24. Rcd1 Bxf4 25. Rd4 Bh6 26. Kh1 Kh8
27. Rg1 Bg7 28. Rd3 Rb7 29. Rg4 Rbc7 30. Rgg3 Be5 31. Rge3 Bf6 32. Rf3 Bg5 33.
Rg3 Bh4 34. Rg2 Rg8 35. Rxg8+ Kxg8 36. Kg2 f5 37. Kf3 Kf7 38. Rd4 Bf6 39. Rd3
Kg6 40. Ke2 f4 41. f3 Kf5 42. Kd1 h5 43. Kc2 h4 44. Rd2 h3 45. Kd1 e5 46. c4 e4
47. fxe4+ dxe4 48. Ke2 f3+ 49. Kf1 e3 50. Rd5+ Kf4 51. Nc5 e2+ 0-1

[Event "30.Schlosspark-Open"]
[Site "Wiesbaden-Biebrich"]
[Date "2018.08.23"]
[Round "1.54"]
[White "Boehmer, Thomas"]
[Black "Maleski, Heinz"]
[Result "1-0"]
[WhiteElo "2032"]
[BlackElo "1667"]
[PlyCount "57"]
[EventDate "2018.??.??"]
[WhiteTeam "Wiesbadener SV"]
[BlackTeam "SV Mainz-Mombach"]

1. d4 d5 2. c4 c6 3. cxd5 cxd5 4. Nc3 Nf6 5. Nf3 a6 6. Bf4 e6 7. e3 Bb4 8. Bd3
O-O 9. O-O Bxc3 10. bxc3 Nbd7 11. Qc2 h6 12. c4 dxc4 13. Qxc4 Nb6 14. Qb3 Nbd5
15. Bg3 b5 16. e4 Nb6 17. Rac1 Na4 18. Bb1 Bb7 19. Qe3 Rc8 20. Rxc8 Bxc8 21.
Bh4 Ng4 22. Qf4 e5 23. dxe5 g5 24. Nxg5 hxg5 25. Bxg5 f6 26. exf6 Nxf6 27. Qh4
Qb6 28. e5 Nd5 29. Qh7# 1-0

[Event "30.Schlosspark-Open"]
[Site "Wiesbaden-Biebrich"]
[Date "2018.08.23"]
[Round "1.55"]
[White "Viol, Julius"]
[Black "Moes, Waldemar"]
[Result "1/2-1/2"]
[WhiteElo "1666"]
[BlackElo "2015"]
[PlyCount "86"]
[EventDate "2018.??.??"]
[WhiteTeam "FC Bierstadt"]
[BlackTeam "Zukertort Amsterdam"]

1. d4 Nf6 2. Nf3 g6 3. g3 Bg7 4. Bg2 O-O 5. O-O d6 6. c4 Nbd7 7. Nc3 e5 8. e4
c6 9. b3 exd4 10. Nxd4 Re8 11. Re1 Nc5 12. Bb2 a5 13. Kh1 Ng4 14. Re2 Qf6 15.
Nf3 Ne5 16. Nxe5 dxe5 17. f3 Be6 18. Ba3 Red8 19. Rd2 Bh6 20. Rd6 Na6 21. Qe2
Nb4 22. Rad1 Bf8 23. Rxd8 Rxd8 24. Na4 Nxa2 25. Bxf8 Kxf8 26. Nc5 Bc8 27. Ra1
Qd6 28. Nxb7 Bxb7 29. Qxa2 Qb4 30. h3 Rd2 31. Qa3 Qxa3 32. Rxa3 Rb2 33. Rxa5
Rxb3 34. Rxe5 Rc3 35. Rc5 f6 36. g4 g5 37. e5 Ke7 38. exf6+ Kxf6 39. f4 gxf4
40. Rf5+ Ke6 41. Rxf4 Ba6 42. Bxc6 Rxc4 43. Rxc4 Bxc4 1/2-1/2

[Event "30.Schlosspark-Open"]
[Site "Wiesbaden-Biebrich"]
[Date "2018.08.23"]
[Round "1.56"]
[White "Hoffmann, Jens"]
[Black "Wachsmann, Elmar"]
[Result "1-0"]
[WhiteElo "2012"]
[BlackElo "1654"]
[PlyCount "51"]
[EventDate "2018.??.??"]
[WhiteTeam "SF HN-Biberach"]
[BlackTeam "SC Gross-Umstadt"]

1. e4 e5 2. Nf3 Nc6 3. d4 exd4 4. Nxd4 Bc5 5. Be3 Qf6 6. Nb5 Bxe3 7. fxe3 Qh4+
8. g3 Qd8 9. Qg4 g6 10. Qf4 d6 11. N1c3 Be6 12. Nd5 Bxd5 13. exd5 Ne5 14. O-O-O
a6 15. Nc3 f5 16. e4 Ne7 17. exf5 Nxf5 18. g4 Ne7 19. Ne4 Qb8 20. Nf6+ Kd8 21.
Qh6 c5 22. Qg7 Re8 23. Nxe8 Kxe8 24. Bh3 Nc8 25. Rhf1 Nd7 26. Qg8+ 1-0

[Event "30.Schlosspark-Open"]
[Site "Wiesbaden-Biebrich"]
[Date "2018.08.23"]
[Round "1.57"]
[White "Knoedler, Marcel"]
[Black "Iliev, Mustafa Batuhan"]
[Result "0-1"]
[WhiteElo "1646"]
[BlackElo "2012"]
[PlyCount "110"]
[EventDate "2018.??.??"]
[WhiteTeam "FC Bierstadt"]
[BlackTeam "SV Grossauheim"]

1. c4 f5 2. g3 Nf6 3. Bg2 g6 4. Nc3 Bg7 5. e3 O-O 6. Nge2 d6 7. O-O e5 8. d4 c6
9. b3 Na6 10. dxe5 dxe5 11. Ba3 Re8 12. Qxd8 Rxd8 13. Rad1 Be6 14. Be7 Re8 15.
Ba3 e4 16. Rd2 Ng4 17. Bd6 Ne5 18. Bxe5 Bxe5 19. h4 Nc5 20. Nd4 Rad8 21. Rfd1
Bc8 22. Bf1 a5 23. Na4 Nxa4 24. bxa4 c5 25. Nb5 Rxd2 26. Rxd2 Be6 27. Be2 Kf8
28. Kf1 Ke7 29. Kg2 h6 30. f4 Bb8 31. Nc3 Rd8 32. Rxd8 Kxd8 33. Nd5 Kd7 34. Kh3
Kd6 35. Nc3 Kc6 36. Kg2 Bd6 37. Kf2 Be7 38. Ke1 Bf6 39. Kd2 Kd6 40. Kc2 Bd7 41.
Nb5+ Ke7 42. Kb3 g5 43. hxg5 hxg5 44. Nc7 Bc6 45. Bh5 Kd6 46. Nb5+ Bxb5 47.
axb5 g4 48. Bg6 Ke6 49. Bh7 Bh4 50. Bg8+ Ke7 51. b6 Bxg3 52. Bd5 Bxf4 53. exf4
g3 54. Bxb7 g2 55. Bxe4 fxe4 0-1

[Event "30.Schlosspark-Open"]
[Site "Wiesbaden-Biebrich"]
[Date "2018.08.23"]
[Round "1.58"]
[White "Gerst, Michael"]
[Black "Werner, Tom"]
[Result "1-0"]
[WhiteElo "2009"]
[BlackElo "1627"]
[PlyCount "43"]
[EventDate "2018.??.??"]
[WhiteTeam "Oberhausener SV"]
[BlackTeam "VSG Offenbach"]

1. d4 d5 2. c4 e6 3. Nc3 Nf6 4. Nf3 Bb4 5. e3 O-O 6. Bd3 c5 7. O-O Bxc3 8. bxc3
b6 9. Bb2 Bb7 10. Qe2 Nbd7 11. Rac1 Qe7 12. Rfd1 Rac8 13. cxd5 exd5 14. c4 Rfd8
15. cxd5 Bxd5 16. Bc4 cxd4 17. Bxd5 Nxd5 18. Nxd4 Nc5 19. Qg4 Qe4 20. Qxe4 Nxe4
21. Nc6 Rd6 22. Rxd5 1-0

[Event "30.Schlosspark-Open"]
[Site "Wiesbaden-Biebrich"]
[Date "2018.08.23"]
[Round "1.59"]
[White "Heinrich, Leon"]
[Black "Martin, Reiner"]
[Result "0-1"]
[WhiteElo "1638"]
[BlackElo "2006"]
[PlyCount "60"]
[EventDate "2018.??.??"]
[WhiteTeam "SW Nuernberg Sued"]
[BlackTeam "SC Bad Soden"]

1. d4 Nf6 2. c4 c5 3. d5 e6 4. Nf3 exd5 5. cxd5 d6 6. Nc3 g6 7. Bg5 Bg7 8. e4
O-O 9. h3 a6 10. a4 Re8 11. Bd3 h6 12. Bh4 g5 13. Bg3 Nxe4 14. Nxe4 f5 15. Nfd2
fxe4 16. Nxe4 Bf5 17. Qc2 Bxb2 18. Rb1 Bxe4 19. Bxe4 Bc3+ 20. Kd1 Bb4 21. Bf5
Qf6 22. Be6+ Kg7 23. Rf1 Qd4+ 24. Ke2 Qxd5 25. Qb2+ Kg6 26. Qc2+ Kh5 27. Rfd1
Qxe6+ 28. Kf1 Nc6 29. Bxd6 Qe4 30. Qa2 Re6 0-1

[Event "30.Schlosspark-Open"]
[Site "Wiesbaden-Biebrich"]
[Date "2018.08.23"]
[Round "1.60"]
[White "Chernykh, Arkady"]
[Black "Polat, Marcel"]
[Result "1-0"]
[WhiteElo "1928"]
[BlackElo "1643"]
[PlyCount "83"]
[EventDate "2018.??.??"]
[WhiteTeam "Karlsruher SF"]
[BlackTeam "Vorw.Orient Mainz"]

1. d4 d5 2. c4 c6 3. Nc3 Nf6 4. e3 e6 5. Bd2 Be7 6. Qc2 Nbd7 7. O-O-O O-O 8.
Kb1 e5 9. cxd5 Nxd5 10. Nxd5 cxd5 11. dxe5 Nxe5 12. Bc3 Nc6 13. e4 d4 14. Nf3
Bg4 15. Bb5 Bc5 16. Bxc6 Bxf3 17. gxf3 bxc6 18. Qa4 dxc3 19. Rxd8 Rfxd8 20. Rc1
Bxf2 21. bxc3 Rab8+ 22. Kc2 Be3 23. Rd1 Rxd1 24. Kxd1 Rb2 25. Qxc6 g6 26. a4
Rd2+ 27. Ke1 Bf4 28. Qa8+ Kg7 29. Qxa7 Rxh2 30. Qd4+ Kf8 31. a5 Rh1+ 32. Kf2
Ra1 33. Qb4+ Kg8 34. Qb6 Ra2+ 35. Kf1 Ra4 36. Ke2 Ra2+ 37. Kd3 Rd2+ 38. Kc4 Rd6
39. Qb7 Rd8 40. a6 Rb8 41. Qd7 Be3 42. e5 1-0

[Event "30.Schlosspark-Open"]
[Site "Wiesbaden-Biebrich"]
[Date "2018.08.23"]
[Round "1.61"]
[White "Lorenz, Hermann"]
[Black "Werner, Dimo"]
[Result "0-1"]
[WhiteElo "1640"]
[BlackElo "2003"]
[PlyCount "110"]
[EventDate "2018.??.??"]
[WhiteTeam "SF Mainz"]
[BlackTeam "TSV Schott Mainz"]

1. c4 e6 2. g3 Nf6 3. Bg2 d5 4. cxd5 exd5 5. Nf3 Bd6 6. O-O O-O 7. b3 Re8 8.
Bb2 c6 9. Re1 Bg4 10. Qc2 Nbd7 11. e3 a5 12. a3 Bh5 13. d3 Bg6 14. Nh4 Be5 15.
Nxg6 Bxb2 16. Qxb2 hxg6 17. Nd2 Ne5 18. Qc3 Nfg4 19. d4 Nd7 20. Bh3 Ngf6 21. b4
axb4 22. Qxb4 Ra7 23. Reb1 Qe7 24. Qc3 Rea8 25. Rb3 Ne8 26. Qb2 Nd6 27. Bf1 b5
28. Bg2 Nb6 29. Nb1 Nbc4 30. Qc1 f5 31. Ra2 Ne4 32. Bf1 Kf7 33. Bd3 Qd6 34. Kg2
Rh8 35. h4 Qe7 36. f4 Rha8 37. Be2 Nf6 38. Bf3 Re8 39. Re2 Qd6 40. Kf2 Rae7 41.
Rd3 Ra7 42. Rb3 Rea8 43. Ra2 Qe7 44. Kg2 Ne4 45. Kh3 Ned6 46. Kg2 Ne8 47. Kf2
Nf6 48. Kg2 Ra4 49. Qc3 b4 50. Qc1 bxa3 51. Kf2 Rb4 52. Rc3 Rb2+ 53. Rc2 Rxc2+
54. Qxc2 Qxe3+ 55. Kg2 Qxd4 0-1

[Event "30.Schlosspark-Open"]
[Site "Wiesbaden-Biebrich"]
[Date "2018.08.23"]
[Round "1.62"]
[White "Berberich, Christoph"]
[Black "Bursch, Alexander"]
[Result "1-0"]
[WhiteElo "2002"]
[BlackElo "1627"]
[PlyCount "51"]
[EventDate "2018.??.??"]
[WhiteTeam "SGEM Dreisamtal"]
[BlackTeam "SV Hennef"]

1. d4 e6 2. c4 c5 3. e3 Nf6 4. Nf3 Bd6 5. Nc3 a6 6. e4 cxd4 7. Qxd4 Qc7 8. e5
Bc5 9. Qh4 Ng8 10. Bd3 Ne7 11. O-O Ng6 12. Qh5 Nc6 13. Re1 Nb4 14. Bb1 b6 15.
a3 Nc6 16. b4 Be7 17. Be4 Bb7 18. Bb2 Rb8 19. Rac1 Ngxe5 20. Nd5 exd5 21. cxd5
d6 22. Nxe5 dxe5 23. dxc6 Bc8 24. Bxe5 Bd6 25. Bxd6 Qxd6 26. c7 1-0

[Event "30.Schlosspark-Open"]
[Site "Wiesbaden-Biebrich"]
[Date "2018.08.23"]
[Round "1.63"]
[White "Traut, Stefan"]
[Black "Koellner, Aaron Noah"]
[Result "0-1"]
[WhiteElo "1627"]
[BlackElo "2001"]
[PlyCount "114"]
[EventDate "2018.??.??"]
[WhiteTeam "SF Heusenstamm"]
[BlackTeam "SV Bergneustadt/Derschlag"]

1. d4 d6 2. Nf3 Nf6 3. c4 Nbd7 4. Nc3 e5 5. e4 c6 6. g3 Be7 7. Bg2 a5 8. O-O
O-O 9. Qc2 Re8 10. Rd1 Qc7 11. b3 Nf8 12. Bb2 Bg4 13. dxe5 dxe5 14. Na4 Ng6 15.
c5 h5 16. h4 Nd7 17. Rac1 Ngf8 18. a3 f6 19. Rd2 Red8 20. Rcd1 Be6 21. Rd3 Bf7
22. b4 axb4 23. axb4 Nb8 24. Rxd8 Bxd8 25. Bc3 Be7 26. Ra1 Qd8 27. Nb6 Rxa1+
28. Bxa1 Na6 29. Bc3 Nc7 30. Qd2 Nb5 31. Qxd8 Bxd8 32. Bb2 Bxb6 33. cxb6 Nd7
34. Bf1 Nd6 35. Nd2 Nxb6 36. f3 Kf8 37. Kf2 Ke7 38. Ke3 Bc4 39. Bh3 Ba6 40. Ba1
Nbc4+ 41. Nxc4 Bxc4 42. f4 Nf7 43. Bf5 exf4+ 44. gxf4 Nh6 45. Bh3 Be6 46. Bf1
Nf7 47. Bd4 Bd7 48. Bc5+ Ke8 49. Kd4 Nh8 50. Bb6 Bg4 51. f5 g6 52. Bd3 gxf5 53.
exf5 Nf7 54. Kc5 Ne5 55. Kd6 Nxd3 56. Ke6 Nxb4 57. Kxf6 Nd5+ 0-1

[Event "30.Schlosspark-Open"]
[Site "Wiesbaden-Biebrich"]
[Date "2018.08.23"]
[Round "1.64"]
[White "Zimmer, Gerald"]
[Black "Jakesevic, Ivan"]
[Result "1/2-1/2"]
[WhiteElo "2001"]
[BlackElo "1623"]
[PlyCount "84"]
[EventDate "2018.??.??"]
[WhiteTeam "SC Bergen-Enkheim"]
[BlackTeam "FC Bierstadt"]

1. d4 Nf6 2. Nf3 g6 3. b3 Bg7 4. Bb2 O-O 5. g3 d6 6. Bg2 Bg4 7. O-O Qd7 8. Ng5
c6 9. Nd2 Na6 10. f3 h6 11. Nge4 Bh3 12. Bxh3 Qxh3 13. Nf2 Qd7 14. e4 c5 15.
Nd3 Rac8 16. c4 Nh7 17. d5 e6 18. Bxg7 Kxg7 19. f4 exd5 20. exd5 Nf6 21. Qf3
Qf5 22. Rfe1 Rfe8 23. Kg2 Nc7 24. h3 h5 25. Rxe8 Rxe8 26. Re1 Rxe1 27. Nxe1 b5
28. Qd3 Qxd3 29. Nxd3 b4 30. Kf3 Nce8 31. Nf2 Nh7 32. g4 f5 33. Kg3 Nef6 34.
Nf3 hxg4 35. hxg4 fxg4 36. Ng5 Nxg5 37. fxg5 Ne8 38. Kxg4 Kf7 39. Nd3 a6 40.
Nf2 Nc7 41. Ne4 Ne8 42. Kf4 Ke7 1/2-1/2

[Event "30.Schlosspark-Open"]
[Site "Wiesbaden-Biebrich"]
[Date "2018.08.23"]
[Round "1.65"]
[White "Lehmann, Wolfgang"]
[Black "Kolker, Vladislav"]
[Result "0-1"]
[WhiteElo "1615"]
[BlackElo "1999"]
[PlyCount "94"]
[EventDate "2018.??.??"]
[WhiteTeam "Wiesbadener SV"]
[BlackTeam "SC Bad Nauheim"]

1. d4 Nf6 2. c4 g6 3. Nc3 Bg7 4. Nf3 O-O 5. e4 d6 6. Be2 Na6 7. O-O e5 8. d5
Nc5 9. Qc2 a5 10. a3 Nh5 11. Ne1 Nf4 12. Nd3 Nxe2+ 13. Qxe2 Nb3 14. Rb1 f5 15.
exf5 gxf5 16. f4 e4 17. Nf2 c5 18. Be3 Bd7 19. Qc2 Nd4 20. Qd1 a4 21. Ne2 Nb3
22. Nc3 Nd4 23. Ne2 Qf6 24. Bxd4 cxd4 25. b3 d3 26. Ng3 Qd4 27. Kh1 b5 28. cxb5
Bxb5 29. bxa4 Bxa4 30. Qh5 Qxd5 31. Nh3 e3 32. Ng5 h6 33. Qg6 hxg5 34. Nh5 Ra7
35. fxg5 e2 36. Nf6+ Rxf6 37. gxf6 exf1=Q+ 38. Rxf1 Qf7 39. Qxf5 Bxf6 40. Qxd3
d5 41. Qg3+ Qg7 42. Qb8+ Kh7 43. Rf3 Bg5 44. Rh3+ Bh6 45. Qb1+ Qg6 46. Qe1 Rb7
47. g3 Rb1 0-1

[Event "30.Schlosspark-Open"]
[Site "Wiesbaden-Biebrich"]
[Date "2018.08.23"]
[Round "1.66"]
[White "Kropp, Volker"]
[Black "Werner, Rosalie"]
[Result "1/2-1/2"]
[WhiteElo "1998"]
[BlackElo "1536"]
[PlyCount "51"]
[EventDate "2018.??.??"]
[WhiteTeam "SV Mainz-Mombach"]
[BlackTeam "VSG Offenbach"]

1. d4 d5 2. Nf3 Nf6 3. e3 e6 4. c4 Nbd7 5. Nc3 Be7 6. cxd5 exd5 7. Bd3 c6 8.
O-O O-O 9. Qe2 Re8 10. Bd2 Nf8 11. h3 g6 12. a4 a5 13. Ne5 Ne6 14. Rac1 Ng7 15.
f4 Nfh5 16. Qf3 Bh4 17. Be1 Bxe1 18. Rcxe1 Qh4 19. Ne2 Qe7 20. g4 Nf6 21. Ng3
Nd7 22. g5 Nxe5 23. fxe5 Bxh3 24. Rf2 Qd7 25. Bf1 Bg4 26. Qf4 1/2-1/2

[Event "30.Schlosspark-Open"]
[Site "Wiesbaden-Biebrich"]
[Date "2018.08.23"]
[Round "1.67"]
[White "Baumeister, Lutz"]
[Black "Schultze, Joerg-Martin"]
[Result "0-1"]
[WhiteElo "1593"]
[BlackElo "1998"]
[PlyCount "32"]
[EventDate "2018.??.??"]
[WhiteTeam "Wiesbadener SV"]
[BlackTeam "SF Anderssen Wetzlar"]

1. d4 Nf6 2. Nf3 c5 3. e3 cxd4 4. exd4 d5 5. Bd3 Nc6 6. O-O Bg4 7. c3 Qc7 8. h3
h5 9. Be2 e6 10. Bg5 Bd6 11. Bxf6 gxf6 12. Nbd2 e5 13. hxg4 hxg4 14. Nxe5 Bxe5
15. Bxg4 Bh2+ 16. Kh1 Bg1+ 0-1

[Event "30.Schlosspark-Open"]
[Site "Wiesbaden-Biebrich"]
[Date "2018.08.23"]
[Round "1.68"]
[White "Eveleens, Wim"]
[Black "Jahraus, Marlis"]
[Result "1-0"]
[WhiteElo "1997"]
[BlackElo "1588"]
[PlyCount "47"]
[EventDate "2018.??.??"]
[WhiteTeam "Sandport"]
[BlackTeam "SC Untergrombach"]

1. c4 f5 2. g3 Nf6 3. Bg2 g6 4. Nc3 Bg7 5. d3 O-O 6. e4 e5 7. Nge2 c6 8. O-O d6
9. exf5 gxf5 10. f4 Na6 11. Kh1 Qe8 12. fxe5 dxe5 13. d4 Ng4 14. dxe5 Qh5 15.
h3 Bxe5 16. Nf4 Bxf4 17. Bxf4 Be6 18. b3 Nc5 19. Qd6 b6 20. Qxc6 Rfd8 21. Rad1
Rxd1 22. Qxa8+ Kg7 23. Nxd1 Nd3 24. Qf3 1-0

[Event "30.Schlosspark-Open"]
[Site "Wiesbaden-Biebrich"]
[Date "2018.08.23"]
[Round "1.69"]
[White "Schneider, Luca"]
[Black "Oezdemir, Ali Oezden"]
[Result "1/2-1/2"]
[WhiteElo "1480"]
[BlackElo "1982"]
[PlyCount "51"]
[EventDate "2018.??.??"]
[WhiteTeam "FC Bierstadt"]
[BlackTeam "SK Langen"]

1. d4 Nf6 2. Nf3 g6 3. c4 Bg7 4. Nc3 O-O 5. Bg5 c5 6. e3 cxd4 7. exd4 d6 8. Bd3
Nbd7 9. O-O b6 10. Re1 Bb7 11. d5 a6 12. b4 Rc8 13. Rc1 Re8 14. h3 h6 15. Bh4
Rc7 16. Qe2 Qc8 17. Qd2 Nf8 18. a4 N6h7 19. Ne2 e5 20. Nc3 f5 21. Bf1 g5 22.
Bg3 Ng6 23. Be2 Bf8 24. Red1 Qd8 25. Qc2 Qf6 26. Nd2 1/2-1/2

[Event "30.Schlosspark-Open"]
[Site "Wiesbaden-Biebrich"]
[Date "2018.08.23"]
[Round "1.70"]
[White "Kuerschner, Matthias"]
[Black "Herrmann, Gerhard"]
[Result "1-0"]
[WhiteElo "1995"]
[BlackElo "1575"]
[PlyCount "59"]
[EventDate "2018.??.??"]
[WhiteTeam "SK Langen"]
[BlackTeam "SC Koenigsspringer Alzenau"]

1. e4 d5 2. exd5 Nf6 3. Bb5+ Bd7 4. Bc4 Bg4 5. f3 Bf5 6. Nc3 a6 7. a4 Nbd7 8.
a5 b6 9. axb6 Nxb6 10. Bxa6 Nfxd5 11. Bb5+ Bd7 12. Bxd7+ Nxd7 13. Rxa8 Qxa8 14.
Nge2 e5 15. O-O Bd6 16. Ne4 O-O 17. d4 f6 18. c4 Nb4 19. Qb3 Qa2 20. Qc3 c5 21.
Nxd6 Na6 22. dxe5 Nxe5 23. Bf4 Nb8 24. Bxe5 fxe5 25. Qxe5 Nd7 26. Qe6+ Kh8 27.
Nf7+ Kg8 28. Nh6+ Kh8 29. Qg8+ Rxg8 30. Nf7# 1-0

[Event "30.Schlosspark-Open"]
[Site "Wiesbaden-Biebrich"]
[Date "2018.08.23"]
[Round "1.71"]
[White "Kuenne, Lutz"]
[Black "Schmitt, Carsten"]
[Result "0-1"]
[WhiteElo "1549"]
[BlackElo "1992"]
[PlyCount "54"]
[EventDate "2018.??.??"]
[WhiteTeam "KC Jena"]
[BlackTeam "SV Bergwinkel"]

1. d4 d5 2. Bf4 Nf6 3. e3 c5 4. c3 Nc6 5. Nf3 e6 6. Bd3 Bd6 7. Bg3 O-O 8. Nbd2
b6 9. Ne5 Bb7 10. Ndf3 Ne7 11. Ng5 Qc7 12. Qc2 g6 13. h4 Nh5 14. Bf4 cxd4 15.
cxd4 Qxc2 16. Bxc2 Nxf4 17. exf4 f6 18. Nxe6 Bb4+ 19. Kd1 fxe5 20. Nxf8 Rxf8
21. a3 Bd6 22. fxe5 Bb8 23. Ke2 Ba6+ 24. Ke1 Rf4 25. Rd1 Nc6 26. g3 Nxd4 27.
gxf4 Nf3# 0-1

[Event "30.Schlosspark-Open"]
[Site "Wiesbaden-Biebrich"]
[Date "2018.08.23"]
[Round "1.72"]
[White "Mueller, Lutz"]
[Black "Goodwin, David"]
[Result "1-0"]
[WhiteElo "1989"]
[BlackElo "1539"]
[PlyCount "101"]
[EventDate "2018.??.??"]
[WhiteTeam "SC Bad Koenigshofen"]
[BlackTeam "SV Kelsterbach"]

1. d4 Nf6 2. Nf3 g6 3. c4 Bg7 4. Nc3 d6 5. e4 a6 6. Be2 O-O 7. O-O Nbd7 8. h3
c5 9. Be3 b6 10. Qd2 Bb7 11. d5 Re8 12. Bh6 Bxh6 13. Qxh6 e5 14. Nd2 Kh8 15. g3
Ng8 16. Qe3 Bc8 17. Kg2 Ne7 18. f4 f5 19. Bd3 exf4 20. Qxf4 Ne5 21. Bc2 Rf8 22.
Rae1 Kg8 23. Qe3 Rf7 24. b3 Qf8 25. exf5 Nxf5 26. Bxf5 Bxf5 27. g4 Bd3 28. Rxf7
Qxf7 29. Nce4 Bxe4+ 30. Nxe4 Rf8 31. Nxd6 Qf3+ 32. Qxf3 Nxf3 33. Re8 Rxe8 34.
Nxe8 Ne1+ 35. Kg3 Nd3 36. Nc7 Nc1 37. Nxa6 Nxa2 38. Nb8 Nc1 39. Nd7 Nxb3 40.
Nxb6 Na5 41. Kf4 h6 42. Ke5 Kf7 43. Kd6 Nb3 44. Kc7 Nd4 45. Kd6 Nb3 46. Nd7 Ke8
47. Ne5 g5 48. Kc6 Nd4+ 49. Kxc5 Ne2 50. Kd6 Ng1 51. Kc7 1-0

[Event "30.Schlosspark-Open"]
[Site "Wiesbaden-Biebrich"]
[Date "2018.08.23"]
[Round "1.73"]
[White "Witt, Alexander"]
[Black "Junker, Christian"]
[Result "0-1"]
[WhiteElo "1535"]
[BlackElo "1986"]
[PlyCount "78"]
[EventDate "2018.??.??"]
[WhiteTeam "Vorw.Orient Mainz"]
[BlackTeam "SV Neu-Isenburg"]

1. e4 e5 2. Nf3 Nf6 3. Bc4 Nxe4 4. Qe2 d5 5. O-O Nc6 6. Bb5 Bg4 7. d3 Bxf3 8.
Qxf3 Nc5 9. Re1 Qd6 10. d4 Ne4 11. Nc3 O-O-O 12. Bxc6 Qxc6 13. Nxe4 dxe4 14.
Qf5+ Qd7 15. Qxd7+ Rxd7 16. dxe5 f5 17. exf6 gxf6 18. Bf4 f5 19. Re3 Bc5 20.
Rg3 Rhd8 21. Kf1 b5 22. Rg5 Rd5 23. Re1 R8d7 24. g4 fxg4 25. Rxg4 Rf5 26. Rxe4
Rdf7 27. Bg3 Bxf2 28. Rgf4 Bxg3 29. hxg3 Rxf4+ 30. Rxf4 Rxf4+ 31. gxf4 c5 32.
Kf2 Kd7 33. Kf3 Ke6 34. Ke4 h5 35. a3 a5 36. b3 h4 37. c3 h3 38. Kf3 Kf5 39. b4
axb4 0-1

[Event "30.Schlosspark-Open"]
[Site "Wiesbaden-Biebrich"]
[Date "2018.08.23"]
[Round "1.74"]
[White "Scharping, Hans-Martin"]
[Black "Martin, Lukas"]
[Result "1-0"]
[WhiteElo "1984"]
[BlackElo "1526"]
[PlyCount "63"]
[EventDate "2018.??.??"]
[WhiteTeam "SC Pforzheim"]
[BlackTeam "SC Bad Soden"]

1. d4 d5 2. c4 e6 3. Nc3 Nf6 4. Bg5 h6 5. Bh4 Nbd7 6. Nf3 c5 7. cxd5 cxd4 8.
Nxd4 exd5 9. e3 Bb4 10. Be2 Qa5 11. O-O Bxc3 12. bxc3 Qxc3 13. Nb5 Qa5 14. Bg3
O-O 15. Bd6 Re8 16. Nc7 Re6 17. Nxe6 fxe6 18. Qd4 b6 19. Rfc1 Ne4 20. Bb4 Qa4
21. Bd1 Qb5 22. a4 Qa6 23. a5 Qb7 24. Rab1 e5 25. Qa1 Ndf6 26. Qxe5 Qf7 27. Rb2
Ba6 28. Bf3 Re8 29. Qf4 g5 30. Qf5 Bb5 31. Bxe4 Bd7 32. Qg6+ 1-0

[Event "30.Schlosspark-Open"]
[Site "Wiesbaden-Biebrich"]
[Date "2018.08.23"]
[Round "1.75"]
[White "Roth, Michael"]
[Black "Pauls, Wilhelm"]
[Result "0-1"]
[WhiteElo "1522"]
[BlackElo "1981"]
[PlyCount "52"]
[EventDate "2018.??.??"]
[WhiteTeam "SC Lerchenberg/ZMO"]
[BlackTeam "SG Kaarst"]

1. e4 c5 2. Bc4 g6 3. e5 Nc6 4. c3 Nxe5 5. Qe2 d6 6. d4 cxd4 7. cxd4 Nxc4 8.
Qxc4 Bd7 9. Nc3 Nf6 10. Bg5 Bg7 11. Nf3 Bc6 12. O-O-O O-O 13. Bxf6 Bxf6 14. h4
Rc8 15. Qd3 Bxf3 16. gxf3 d5 17. Kb1 Rc4 18. Ne2 Qb6 19. b3 Rc6 20. f4 a5 21.
Nc3 Qb4 22. Na4 Rfc8 23. Nc5 R8c7 24. Qe3 Qa3 25. f5 Rxc5 26. fxg6 Rc2 0-1

[Event "30.Schlosspark-Open"]
[Site "Wiesbaden-Biebrich"]
[Date "2018.08.23"]
[Round "1.76"]
[White "Tremoehlen, Thomas"]
[Black "Gerber, Ingo"]
[Result "1-0"]
[WhiteElo "1981"]
[BlackElo "1516"]
[PlyCount "59"]
[EventDate "2018.??.??"]
[WhiteTeam "SG Kaarst"]
[BlackTeam "SF Mainz"]

1. e4 e5 2. Nc3 Bc5 3. Bc4 Nc6 4. Nf3 Nf6 5. d3 O-O 6. Bg5 h6 7. Bh4 Re8 8. Qd2
Nd4 9. Nxd4 exd4 10. Bxf6 dxc3 11. Bxc3 d5 12. Bb3 dxe4 13. d4 Bb6 14. O-O-O
Bg4 15. Bxf7+ Kxf7 16. Qf4+ Qf6 17. Qxg4 Rad8 18. d5 Qg6 19. Qe2 Qg5+ 20. Kb1
Rxd5 21. Rxd5 Qxd5 22. Rd1 Qe6 23. a4 a6 24. a5 Bc5 25. Qh5+ Kg8 26. Qxc5 Re7
27. Qd5 b6 28. Qxe6+ Rxe6 29. Rd7 Rg6 30. g3 1-0